[Event "UKR-ch Semifinal 2018"]
[Site "Omelnyk"]
[Date "2018.11.02"]
[Round "8"]
[White "Bernadskiy, Vitaliy"]
[Black "Shalimov, Valery"]
[Result "1-0"]
[WhiteElo "2544"]
[BlackElo "2399"]
[Annotator "TA"]
[PlyCount "63"]
[EventDate "2018.11.26"]
[EventType "tourn"]
[EventCountry "UKR"]
[SourceTitle "playchess.com"]
[Source "ChessBase"]
[SourceQuality "1"]

{[%evp 23,63,79,75,47,44,49,57,48,83,51,58,55,61,56,81,82,147,77,171,157,127,32,16,18,78,48,129,131,125,131,122,119,264,266,477,458,461,447,455,441,497,489]} 1. e4 c5 2. Nf3 g6 3. d4 Bg7 4. c3 cxd4 5. cxd4 d5 6. e5 Nc6 7. Bb5 Bg4 8. Bxc6+ bxc6 9. Nbd2 Nh6 {B27: Sicilian: 2 Nf3, unusual Black 2nd moves} 10. O-O O-O 11. h3 Bxf3 (11... Bd7 12. Nb3 f6 13. Nc5 Bf5 14. Re1 Nf7 15. Qa4 fxe5 16. Nxe5 Nxe5 17. dxe5 {1-0 (29) Kramnik,V (2791)-Vachier Lagrave,M (2703) Moscow 2010}) 12. Nxf3 f6 {LiveBook: 10 Games} 13. e6 Nf5 14. Bf4 Qb6 {[#]} 15. Qd3 $146 ({Predecessor:} 15. Qd2 Rfd8 16. Rac1 Nd6 17. Bxd6 Rxd6 {1-0 (52) Bok,B (2520)-Lie,E (2455) Oslo 2013}) 15... Nd6 16. Rac1 Ne4 17. Rc2 g5 18. Be3 Rfd8 19. Rfc1 Rd6 {[#]} (19... a5 $142) 20. h4 (20. Ne5 $142 $1) 20... h6 (20... Rxe6 $16 21. hxg5 fxg5) 21. Ne5 $18 Rxe6 ({Don't blunder} 21... fxe5 $2 22. dxe5 c5 23. exd6 $18) 22. Rxc6 (22. Nxc6 $16 Qb7 23. b4) 22... Rxc6 $14 23. Nxc6 Kf8 (23... Qb7 $11 {keeps the balance.}) 24. Qa3 Nd6 (24... Qb7 $14) 25. Qc5 $16 Qxc5 26. dxc5 ({But not} 26. Rxc5 $6 e6 $11) 26... Nc4 27. b4 a6 {[#]} (27... e5 $16) 28. a4 $1 $18 {[%cal Ba2a4,Ba4b5,Bb5b6][%mdl 32]} Ke8 $2 (28... f5 29. hxg5 Nxe3) 29. b5 {White is clearly winning.} axb5 30. axb5 Kd7 31. Nb4 e6 32. b6 {Precision: White = 65%, Black = 21%.} 1-0

[Event "UKR-ch Semifinal 2018"]
[Site "Omelnyk"]
[Date "2018.11.02"]
[Round "8"]
[White "Bogdanovich, Stanislav"]
[Black "Pavlov, Sergey"]
[Result "1-0"]
[WhiteElo "2523"]
[BlackElo "2480"]
[Annotator "TA"]
[PlyCount "349"]
[EventDate "2018.11.26"]
[EventType "tourn"]
[EventCountry "UKR"]
[SourceTitle "playchess.com"]
[Source "ChessBase"]
[SourceQuality "1"]

{[%evp 17,349,-26,0,-42,-34,-36,-24,-34,-34,-64,-53,-58,-57,-49,-33,-25,-38,-46,-37,-29,-29,-72,-63,-163,-160,-181,-49,-55,20,20,20,20,20,20,20,20,20,20,31,30,35,32,30,18,14,0,0,0,0,0,36,38,40,41,50,6,11,9,8,0,0,0,0,0,15,0,0,0,0,0,1,0,0,0,0,0,0,0,0,0,0,0,0,0,0,0,0,0,0,0,0,0,0,0,0,0,0,0,0,0,0,0,0,0,0,0,0,0,0,0,0,0,0,0,0,0,0,0,0,0,0,0,0,0,0,0,0,0,0,0,0,0,0,0,0,0,0,0,0,0,0,0,0,0,0,0,0,0,0,0,0,0,0,0,0,0,0,0,0,0,0,0,0,0,0,0,0,0,0,0,0,0,0,0,0,0,0,0,0,0,0,0,0,0,0,0,0,0,0,0,0,0,0,0,0,0,0,0,0,0,0,0,0,0,0,0,0,0,0,0,0,0,0,0,0,0,0,0,0,0,0,0,0,0,0,0,0,0,0,0,0,0,0,0,0,0,0,0,0,0,0,0,0,0,0,0,12851,12851,12851,12851,12851,12851,12851,12851,12851,29962,12851,29964,12851,29969,12851,29970,12851,29971,12851,29972,29972,29973,29966,12851,29967,29968,29979,29980,29980,29981,29980,29978,29978,12851,29977,29978,29978,29973,29974,12851,29977,29978,29978,29978,29978,29979,29979,29980,29980,29981,29981,29980,29982,29973,29983,29984,29984,29985,29985,29986,29989,29990,29990,29990,29991,29988,29988,29989,29989,29988,29990,29991,29991,29990,29992,29993,29993,29994,29994,29995,29995,29996,29996,29997,29997,29998,29998,29999]} 1. e4 c5 2. Nc3 e6 3. Nf3 Nc6 4. Bb5 Nge7 5. O-O a6 6. Bxc6 Nxc6 7. d4 cxd4 8. Nxd4 Qc7 9. Kh1 b5 {LiveBook: 3 Games. B30: Sicilian: 2...Nc6 3 Bb5, lines without ...g6} 10. a3 (10. Nxc6 Qxc6 11. Bf4 Be7 12. Qg4 O-O 13. Bh6 Bf6 14. Rae1 Kh8 15. Bd2 b4 16. e5 Be7 17. Ne4 {0-1 (34) Starostits,I (2500)-Malakhatko,V (2548) Warsaw 2011}) 10... Bb7 11. f4 {[%cal Bf2f4,Bf4f5][%mdl 32]} Rc8 $146 {Black is slightly better.} ({Predecessor:} 11... Be7 12. Be3 Na5 13. Qd3 Nc4 14. Bc1 Rc8 15. Nde2 O-O 16. b3 Nd6 17. Bd2 f5 18. Ng3 Nxe4 19. Ngxe4 fxe4 {0-1 (19) Giaidzi,A-Nikolin,Z (2240) Athens 1989}) 12. Nb3 Be7 13. Qh5 O-O $1 14. f5 Ne5 15. Bf4 Bf6 16. Rae1 Rfe8 17. Re3 g6 18. Rg3 exf5 19. exf5 Qc6 20. fxg6 (20. Qd1 $15) 20... fxg6 $19 21. Bh6 {[#]} Nf7 ({Resist} 21... Kh8 22. Qh3 $17) (21... Nc4 $1 $19 22. Qh3 Qe6 23. Qxe6+ Rxe6) 22. Na5 $15 Qxg2+ (22... Qe6 $1 $15 23. Nxb7 Be5) 23. Rxg2 $11 Bxg2+ 24. Kxg2 gxh5 25. Rxf6 Re6 26. Rxe6 dxe6 27. Bf4 e5 28. Bg3 Kg7 29. Nb3 Kg6 30. Bf2 Nd6 31. Nc5 Nc4 32. Nxa6 Nxb2 33. Nc5 Ra8 34. Nxb5 Ra5 $1 {[%cal Ra5b5]} 35. Nd6 Rxa3 36. c4 Rc3 37. Nd7 Rc2 38. Kf3 e4+ 39. Nxe4 Nxc4 40. Kf4 Ra2 41. h4 Ra5 42. Bc5 Ra4 43. Nf8+ Kg7 44. Kf5 (44. Ne6+ {seems wilder.} Kg6 45. Nc3 Ra5 46. Kg3 Kf7 47. Ng5+) 44... Ne3+ 45. Bxe3 Kxf8 46. Bf4 Kf7 47. Be5 h6 48. Bc3 Kg8 49. Bf6 Kf8 50. Nc5 Rg4 51. Nd7+ Kg8 52. Ke6 Re4+ 53. Ne5 Kh7 54. Kf5 Re1 55. Nd3 Rf1+ 56. Ke6 Rf3 57. Nc5 Kg6 58. Nd7 {[%cal Rd7f8] [#]} Re3+ 59. Be5 {[%cal Rd7f8]} Rf3 60. Bd4 Rf4 61. Bf6 {[%cal Rd7f8]} Re4+ $1 62. Ne5+ Kh7 63. Kf5 (63. Kf7 {keeps more tension.} Rxe5 64. Bxe5) 63... Re1 64. Ng6 Rf1+ 65. Nf4 Kg8 66. Bd4 Kf7 67. Ke4 Rh1 68. Bf2 Rf1 69. Kf3 Kg7 70. Nxh5+ Kg6 71. Ng3 Rb1 72. Be3 h5 73. Ne2 Kf5 74. Nd4+ Ke5 75. Bf2 Ra1 76. Nc2 {White wants to mate with Bd4+.} Rb1 77. Bg3+ Kf5 78. Nd4+ Kg6 79. Ke4 Ra1 80. Kd5 Rd1 81. Bc7 Rh1 82. Bd8 Rd1 83. Bg5 Rg1 84. Nf3 Ra1 85. Ke4 Ra4+ 86. Nd4 Ra1 87. Bf4 Re1+ 88. Be3 Rh1 89. Nf3 Rb1 90. Bd4 Rf1 91. Ne5+ Kh6 92. Nd3 Rh1 93. Bf6 Rb1 94. Kf5 Rb5+ 95. Ke6 Rb3 96. Nf4 Rb5 97. Nd5 Rb1 98. Ne7 Re1+ 99. Kf7 Rf1 100. Nc6 Rf2 101. Ne5 Rf1 102. Ke6 Rg1 103. Nd3 Rg3 104. Nf4 Rg1 105. Kf5 (105. Kf7 {feels hotter.} Rf1 106. Bg7+ Kh7 107. Be5 Kh6 108. Bg7+) 105... Rf1 106. Be7 Rb1 107. Bg5+ Kh7 108. Nxh5 Rb5+ 109. Kg4 Rb6 110. Nf4 {Hoping for Nd5.} Ra6 111. Nd5 Kg7 112. Bf4 Ra5 113. Nc3 Rc5 114. Ne4 Ra5 (114... Rd5 {keeps more tension.} 115. h5 Rd3 116. Bd6 Rd5 117. Bb4 Rd1) 115. Bd2 Rb5 116. Ng5 Rd5 117. Be3 Ra5 118. Kh5 Ra4 119. Bd4+ Kg8 120. Nf3 Kh7 121. Kg5 {And now h5 would win.} Ra3 122. Ne5 {Strongly threatening Ng4.} Ra4 123. Bb6 Rb4 124. Bc7 {aiming for Ng4.} (124. Bc5 {is more complex.} Rb8 125. Ng4 Rg8+ 126. Kf5 Ra8 127. Bd4) 124... Rb7 125. Bd6 {Threatens to win with Ng4.} Rb6 126. Be7 {Black must now prevent Bf6.} Rb1 127. Ng4 Rg1 128. Bf6 Rg2 129. Be5 {h5 is the strong threat.} Rg1 130. Bd4 Rg3 131. Kh5 {Nf6+ would kill now.} Rd3 $2 {[%mdl 8192]} (131... Ra3 $11 132. Kg5 Ra8 133. Nf6+ Kg7) 132. Be5 $18 Ra3 133. Nf6+ Kg7 134. Ne4+ Kf7 135. Ng5+ Ke7 136. Kg6 Ra4 137. h5 Rh4 138. h6 Kd7 139. h7 Kc6 140. Kf5 (140. h8=Q $18 Rxh8 141. Bxh8) 140... Kd5 141. h8=Q Rxh8 142. Bxh8 Kd6 143. Ke4 Kc5 144. Be5 Kc4 145. Bd4 Kb5 146. Kd5 Ka6 147. Bc5 Kb7 148. Ne4 Kc7 149. Nf6 Kb7 150. Kc4 Kc6 151. Kb4 Kc7 152. Kb5 {White mates.} Kb7 153. Bb6 Kc8 154. Kc6 Kb8 155. Nd5 Ka8 156. Nc7+ Kb8 157. Bc5 Kc8 158. Ba7 Kd8 159. Nd5 Ke8 160. Kd6 Kf7 161. Ne7 Ke8 162. Ke6 Kd8 163. Bb6+ Ke8 164. Nc6 Kf8 165. Ne5 Ke8 166. Ba5 Kf8 167. Bd2 Ke8 168. Bg5 Kf8 169. Kd7 Kg7 170. Ke7 Kg8 171. Bh6 Kh7 172. Bf8 Kg8 173. Nd7 Kh7 174. Kf7 Kh8 175. Bg7+ {Precision: White = 61%, Black = 79%.} 1-0

[Event "UKR-ch Semifinal 2018"]
[Site "Omelnyk"]
[Date "2018.11.02"]
[Round "8"]
[White "Neverov, Valeriy"]
[Black "Gayun, Dmytro"]
[Result "1-0"]
[WhiteElo "2503"]
[BlackElo "2234"]
[Annotator "TA"]
[PlyCount "93"]
[EventDate "2018.11.26"]
[EventType "tourn"]
[EventCountry "UKR"]
[SourceTitle "playchess.com"]
[Source "ChessBase"]
[SourceQuality "1"]

{[%evp 22,93,23,18,23,25,57,14,35,34,39,36,37,27,27,42,35,37,52,33,38,22,25,21,50,43,36,43,38,29,56,51,70,63,64,68,69,64,89,83,137,127,162,161,155,145,146,148,144,110,129,133,207,207,1029,941,1082,1066,1064,1053,1043,1042,1008,990,977,957,1187,1171,5073,5072,5065,5064,4133,4132]} 1. d4 Nf6 2. Nf3 e6 3. c4 b6 4. g3 Bb7 5. Bg2 Be7 6. O-O O-O 7. Nc3 Ne4 8. Bd2 f5 9. Qc2 Nxc3 10. Bxc3 Be4 11. Qd2 d6 {E18: Queen's Indian: Old Main Line (4 g3 Bb7 5 Bg2 Be7 6 0-0 0-0 7 Nc3)} (11... Bf6 12. Ne1 Bxg2 13. Nxg2 d5 14. Nf4 Re8 15. cxd5 exd5 16. Qd3 Qd7 17. Rac1 Nc6 18. b4 a6 19. a4 {1-0 (46) Laznicka,V (2654)-Beerdsen,T (2428) Germany 2017}) 12. Ne1 {LiveBook: 3 Games} Bxg2 13. Nxg2 Nd7 {White has an edge.} 14. Rae1 $146 ({Predecessor:} 14. Qe3 Rf6 15. Nf4 Nf8 16. Qf3 Rb8 17. Qc6 g5 18. Nd3 Qd7 19. Qxd7 Nxd7 {½-½ (43) Carvalho,G (2237)-Ulaneo,N (2146) Montevideo 2012}) 14... Bf6 15. e4 fxe4 16. Rxe4 e5 17. dxe5 Bxe5 18. Bxe5 Nxe5 19. f4 Nd7 20. Rfe1 Nf6 21. Re7 Rf7 22. R7e2 d5 23. Ne3 {[%cal Re3d5]} dxc4 24. Nxc4 Qxd2 25. Rxd2 c5 26. a4 $36 {[%mdl 2048] White is pushing.} Rc7 27. Kg2 Kf8 28. Kf3 Re8 29. Rxe8+ (29. Ne5 {keeps more tension.} Kg8 30. Re3 Rf8 31. Nc4 g5 32. f5) 29... Kxe8 $14 {[%mdl 4096] Endgame KRN-KRN} 30. g4 {[%cal Bg3g4,Bg4g5][%mdl 32]} Rd7 ({Black should play} 30... g6) 31. Rxd7 $16 Kxd7 {KN-KN} 32. g5 $1 {[%cal Rg5f6]} Nd5 33. Ke4 Nb4 34. f5 Ke7 35. h4 Nc2 36. Ne5 a6 (36... Nd4 $16) 37. Nc6+ $1 $18 Kd6 $2 (37... Ke8 38. a5 bxa5) 38. h5 $1 {White is clearly winning.} Kxc6 {KN-KP} 39. f6 gxf6 {[#]} 40. g6 $1 f5+ 41. Kd3 hxg6 {[#] KN-K3P} 42. h6 $1 Nb4+ 43. Kd2 b5 44. h7 bxa4 45. h8=Q Kb5 46. Qb8+ Kc4 47. Qg8+ {Precision: White = 86%, Black = 43%.} 1-0

[Event "UKR-ch Semifinal 2018"]
[Site "Omelnyk"]
[Date "2018.11.02"]
[Round "8"]
[White "Frolov, Artur"]
[Black "Kovchan, Alexander"]
[Result "1/2-1/2"]
[WhiteElo "2419"]
[BlackElo "2579"]
[Annotator "TA"]
[PlyCount "28"]
[EventDate "2018.11.26"]
[EventType "tourn"]
[EventCountry "UKR"]
[SourceTitle "playchess.com"]
[Source "ChessBase"]
[SourceQuality "1"]

{[%evp 11,14,4,0,0,31]} 1. d4 Nf6 2. Nf3 g6 3. g3 d5 4. Bg2 c6 5. O-O Bg7 6. a4 {D02: 1 d4 d5 2 Nf3 sidelines, including 2...Nf6 3 g3 and 2...Nf6 3 Bf4} O-O {LiveBook: 13 Games} 7. c4 (7. a5 Nbd7 8. b3 Re8 9. Bb2 Ne4 10. Nbd2 Nxd2 11. Nxd2 e5 12. e3 exd4 13. exd4 Nf6 {0-1 (45) Caruana,F (2822)-Aronian,L (2767) chess.com INT 2018}) 7... Ne4 {Predecessor:} 8. Na3 $146 Be6 9. Bf4 Qa5 10. Ne5 g5 11. Be3 f6 12. Nf3 dxc4 13. Rc1 Qa6 14. h4 g4 {0-1 (49) Wigger,J (2242)-Hintze,H (2322) Goch 2006} 1/2-1/2

[Event "UKR-ch Semifinal 2018"]
[Site "Omelnyk"]
[Date "2018.11.02"]
[Round "8"]
[White "Grinev, Valeriy"]
[Black "Baidetskyi, Valentin"]
[Result "0-1"]
[WhiteElo "2411"]
[BlackElo "2398"]
[Annotator "TA"]
[PlyCount "76"]
[EventDate "2018.11.26"]
[EventType "tourn"]
[EventCountry "UKR"]
[SourceTitle "playchess.com"]
[Source "ChessBase"]
[SourceQuality "1"]

{[%evp 20,76,75,72,86,91,81,62,71,60,124,126,136,129,138,124,137,124,118,112,128,112,124,66,100,94,87,51,54,-238,-243,-242,-252,-245,-141,-279,-272,-609,-633,-653,-607,-638,-632,-650,-654,-850,-853,-855,-843,-850,-827,-873,-860,-869,-858,-987,-982,-964,-957]} 1. d4 {RR} Nf6 2. c4 c5 3. d5 e6 4. Nf3 b5 5. dxe6 fxe6 6. cxb5 d5 7. g3 Bd6 8. Bg2 O-O 9. O-O Bb7 10. Nbd2 Nbd7 11. e4 {LiveBook: 4 Games. E10: Blumenfeld Gambit} (11. b3 Qe7 12. Bb2 a6 13. bxa6 Bxa6 14. Re1 Ng4 15. Qc2 e5 16. e4 c4 17. exd5 Nxf2 18. bxc4 Bc5 19. Bd4 Bxd4 20. Nxd4 Qc5 21. N2b3 Qa7 22. Nc6 {½-½ (22) Georgiev,K (2626)-Volokitin,A (2638) Budva 2004}) 11... Qb6 12. Qe2 {aiming for e5.} Bc7 13. Bh3 $146 {White is better.} ({Predecessor:} 13. Re1 Rae8 14. b3 Ng4 15. Bb2 d4 16. a4 e5 17. Bh3 h5 18. Bg2 Qh6 {1-0 (49) Cotonnec,M (2415)-Fougerit,V (2209) Issy les Moulineaux 2013 EXT 2015 [RR]}) 13... Rae8 {[%cal Rd5e4]} 14. a4 {Strongly threatening e5.} Qd6 (14... Nxe4 $14 15. a5 Qd6) 15. Rd1 $1 $16 Ne5 16. Bg2 Qe7 17. Nxe5 Bxe5 18. Nf3 Bc7 19. exd5 exd5 20. Qxe7 Rxe7 {[#]} 21. Bg5 (21. b4 $1 $16 {[%mdl 512]} cxb4 22. Bd2) 21... Ref7 22. Nh4 Ng4 23. f3 Ne5 $1 24. Bf4 $2 {[%mdl 8192]} (24. Bc1 $14) 24... Rxf4 $19 25. gxf4 Rxf4 26. a5 d4 ({Less strong is} 26... Rxh4 {[#]} 27. b6 $1 $15 {[%mdl 512]}) ({Black should try} 26... Kf8 $19 27. b3 c4) 27. Rac1 (27. b4 $17 {was worth a try.}) 27... c4 ({But not} 27... Rxh4 28. Rxc5 Bd6 29. Rdc1) (27... Bxa5 28. Ra1 $19) 28. Rxd4 $2 (28. b6 axb6 29. a6) 28... Rxd4 {Black is clearly winning.} 29. f4 Nd3 30. Ra1 Bxg2 31. Nxg2 Nxb2 32. b6 axb6 33. a6 Rd8 34. Ne3 b5 {Threatens to win with ...Bb6.} 35. a7 Ra8 36. Nd5 Bd6 37. Ra5 {[#]} Rxa7 $1 38. Rxb5 (38. Rxa7 Bc5+) 38... Nd3 {Precision: White = 30%, Black = 48%.} 0-1

[Event "UKR-ch Semifinal 2018"]
[Site "Omelnyk"]
[Date "2018.11.02"]
[Round "8"]
[White "Polivanov, Anatoliy"]
[Black "Bortnyk, Mykola"]
[Result "0-1"]
[WhiteElo "2385"]
[BlackElo "2462"]
[Annotator "TA"]
[PlyCount "142"]
[EventDate "2018.11.26"]
[EventType "tourn"]
[EventCountry "UKR"]
[SourceTitle "playchess.com"]
[Source "ChessBase"]
[SourceQuality "1"]

{[%evp 12,142,33,31,94,48,39,48,69,67,78,88,88,75,114,63,83,86,97,94,115,118,116,116,118,108,124,127,135,142,133,131,147,134,143,114,129,116,118,86,105,105,112,80,78,66,108,108,122,122,122,121,100,89,122,80,132,120,148,160,354,366,398,0,167,0,437,0,0,0,120,109,106,110,110,102,156,159,152,147,167,164,159,108,168,47,57,30,24,25,55,27,16,0,0,0,4,0,0,0,0,0,0,0,0,-8,-8,-12,-12,-12,-12,-13,-13,-56,-56,-56,-61,-63,-58,-58,0,-8,-4,-58,-51,-62,-62,-88,-124,-104,-66,-647,-642]} 1. e4 g6 2. d4 Bg7 3. Nf3 d6 4. Bc4 c6 5. Bb3 Nf6 6. Qe2 Bg4 {B06: Modern Defence} 7. Nbd2 {LiveBook: 8 Games} d5 (7... Nbd7 $14) 8. c3 (8. e5 {is interesting.} Nfd7 9. h3 Bf5 10. c3 a5 11. g4) 8... dxe4 $146 {White is slightly better.} ({Predecessor:} 8... O-O 9. O-O Nbd7 10. e5 Ne8 11. h3 Bxf3 12. Nxf3 Nc7 13. h4 e6 14. Bg5 {1-0 (33) Lutsko,I (2405)-Novikov,S (2564) Minsk 2008}) 9. Nxe4 Nxe4 10. Qxe4 Bxf3 11. Qxf3 e6 12. h4 h6 13. Qg3 ({White should play} 13. h5 $16) 13... Nd7 {[%cal Bb8d7,Bd7f6,Bf6e4][%mdl 32]} 14. h5 g5 15. f4 {[%cal Rf4g5]} Nf6 16. fxg5 Ne4 17. Qg4 Nxg5 18. O-O Qe7 19. Bf4 a5 20. Rae1 O-O 21. Bc2 Rae8 22. Qg3 Kh8 23. Bd6 Qd8 24. Bxf8 Rxf8 25. Qd3 Qd5 26. Bb3 Qd6 27. Re3 b5 28. a3 Rd8 29. Bc2 Rd7 30. b4 a4 31. Rg3 f5 32. Re3 Bf6 33. Rfe1 Rg7 (33... Bd8 $142) 34. Qe2 $16 Qd5 35. Bb1 f4 $2 (35... Qd6 $16 {was necessary.} 36. Bc2 Qf4) 36. Ba2 $18 Qf5 37. Bb1 (37. Bxe6 $142 Qh7 38. Rf1 (38. Rd3 Re7 $11) 38... fxe3 39. Rxf6 Nxe6 40. Rxe6) 37... Qd5 {[#]} 38. Ba2 $2 ({Only move:} 38. Be4 $1 $18 {[%cal Re4d5]} Qd6 39. Rd3) 38... Bxd4 $2 {[%mdl 8192]} (38... Qf5 $1 $11 39. Bxe6 Qh7) 39. cxd4 $2 (39. Bxd5 $18 Bxe3+ 40. Kh2 exd5 41. Qg4) 39... Qxd4 $11 40. Qf2 $1 fxe3 (40... Rg8 $1 $11) 41. Qf8+ $16 Rg8 ({Not} 41... Kh7 $2 42. Bb1+ Ne4 43. Qf3 $18) 42. Qxh6+ Nh7 {( -> ...e2+)} 43. Qxe3 Qxe3+ (43... Qg7 $142 44. Qe2 Ng5) 44. Rxe3 {[%mdl 4096] Endgame KRB-KRN} Ng5 45. Rc3 Kg7 46. Rxc6 Kf6 47. Kf2 ({White should try} 47. Bb1) 47... Rd8 (47... Rh8 $16 {was worth a try.}) 48. Ke3 (48. Ke2 $18) 48... Rd1 $1 $14 49. h6 Ra1 50. Rc2 {Hoping for Kd4.} e5 51. Rc6+ Kf5 52. h7 (52. Bd5 {looks sharper.} Rxa3+ 53. Ke2 Rg3 54. Rb6 Ne4 55. Kf1) 52... Nxh7 53. Be6+ Kg5 $132 {[%mdl 2048] Black is not keeping still} 54. Rc3 Nf6 55. Kf3 Kg6 56. Re3 Ne8 57. Rxe5 Rxa3+ 58. Re3 Ra1 59. Bd7 Nc7 {aiming for ...a3.} 60. Rc3 Nd5 61. Rc6+ Kg7 62. Be6 Nxb4 63. Rb6 Nc2 {Threatens to win with ...Nd4+.} 64. Kf4 Nd4 65. Bd5 Rd1 (65... Ne2+ $15 66. Ke5 Re1 67. Rb7+ Kh6) 66. Ke5 a3 {[%cal Ba4a3,Ba3a2][%mdl 32]} 67. Ra6 (67. Rb7+ $1 $11 Kh6 68. Rb6+ Kg5 69. Bf7) 67... b4 $15 68. Ra4 Nb5 {...Rxd5+ is the strong threat.} 69. Bb3 Re1+ 70. Kf4 Rb1 71. Rxb4 $2 {[%mdl 8192] [#]} (71. Bc4 $15) 71... a2 $1 {[%mdl 512] Precision: White = 45%, Black = 45%.} 0-1

[Event "UKR-ch Semifinal 2018"]
[Site "Omelnyk"]
[Date "2018.11.02"]
[Round "8"]
[White "Molchanov, Oleksii"]
[Black "Bakhmatsky, Vladislav"]
[Result "1/2-1/2"]
[WhiteElo "2369"]
[BlackElo "2409"]
[Annotator "ChessBase"]
[PlyCount "99"]
[EventDate "2018.11.26"]
[EventType "tourn"]
[EventCountry "UKR"]
[SourceTitle "playchess.com"]
[Source "ChessBase"]
[SourceQuality "1"]
[TimeControl "40/5400+30:1800+30"]

1. Nf3 {[%emt 0:00:00]} Nf6 {[%emt 0:00:02]} 2. c4 {[%emt 0:00:08]} g6 {[%emt 0:00:03]} 3. Nc3 {[%emt 0:01:13]} Bg7 {[%emt 0:00:06]} 4. e4 {[%emt 0:01:18]} d6 {[%emt 0:04:36]} 5. d4 {[%emt 0:01:03]} O-O {[%emt 0:00:03]} 6. Be2 {[%emt 0:00:13]} e5 {[%emt 0:05:46]} 7. d5 {[%emt 0:02:16]} Nbd7 {[%emt 0:05:28]} 8. O-O {[%emt 0:02:47]} Nc5 {[%emt 0:01:10]} 9. Qc2 {[%emt 0:00:21]} a5 {[%emt 0:00:01]} 10. Bg5 {[%emt 0:00:54]} h6 {[%emt 0:06:37]} 11. Be3 {[%emt 0:01:45]} Nh5 {[%emt 0:20:59]} 12. g3 {[%emt 0:06:29]} Bg4 {[%emt 0:07:34]} 13. Qd1 {[%emt 0:17:19]} Nf6 {[%emt 0:15:34]} 14. Nd2 {[%emt 0:06:38]} Bxe2 {[%emt 0:00:40]} 15. Qxe2 {[%emt 0:00:10]} Ncd7 {[%emt 0:06:10]} 16. a3 {[%emt 0:04:12]} c6 {[%emt 0:05:24]} 17. dxc6 {[%emt 0:04:04]} bxc6 {[%emt 0:00:07]} 18. b4 {[%emt 0:00:09]} Qc7 {[%emt 0:04:11]} 19. Rab1 {[%emt 0:06:20]} axb4 {[%emt 0:01:20]} 20. axb4 {[%emt 0:01:33]} Rfb8 {[%emt 0:04:54]} 21. Rfc1 {[%emt 0:00:50]} Nf8 {[%emt 0:00:59]} 22. b5 {[%emt 0:01:48]} N6d7 {[%emt 0:00:29]} 23. Nb3 {[%emt 0:04:45]} Ne6 {[%emt 0:00:07]} 24. Qd2 {[%emt 0:01:05]} Kh7 {[%emt 0:00:01]} 25. Na2 {[%emt 0:07:28]} Ndc5 {[%emt 0:01:58]} 26. Nb4 {[%emt 0:04:10]} cxb5 {[%emt 0:00:51]} 27. Nd5 {[%emt 0:05:51]} Qc6 {[%emt 0:00:01]} 28. Qc2 {[%emt 0:11:30]} bxc4 {[%emt 0:03:31]} 29. Na5 {[%emt 0:00:53]} Qa4 {[%emt 0:03:09]} 30. Qxa4 {[%emt 0:00:37]} Nxa4 {[%emt 0:00:01]} 31. Nxc4 {[%emt 0:00:15]} Bf8 {[%emt 0:00:42]} 32. f4 {[%emt 0:02:16]} exf4 {[%emt 0:01:40]} 33. gxf4 {[%emt 0:00:39]} Rxb1 {[%emt 0:00:31]} 34. Rxb1 {[%emt 0:00:02]} Rc8 {[%emt 0:00:15]} 35. Rb4 {[%emt 0:04:17]} Nac5 {[%emt 0:00:04]} 36. f5 {[%emt 0:00:47]} Ng5 {[%emt 0:00:49]} 37. fxg6+ {[%emt 0:00:33]} Kxg6 {[%emt 0:00:39]} 38. Nxd6 {[%emt 0:00:54]} Bxd6 {[%emt 0:00:31]} 39. Rb6 {[%emt 0:00:01]} Nce6 {[%emt 0:01:44]} 40. Rxd6 {[%emt 0:00:00]} Rc4 {[%emt 0:00:00]} 41. Bxg5 {[%emt 0:12:58]} hxg5 {[%emt 0:08:02]} 42. e5 {[%emt 0:08:13]} Rc1+ {[%emt 0:00:04]} 43. Kf2 {[%emt 0:00:05]} Kf5 {[%emt 0:00:17]} 44. Ne3+ {[%emt 0:00:56]} Kxe5 {[%emt 0:06:53]} 45. Rd7 {[%emt 0:00:19]} f6 {[%emt 0:13:55]} 46. Rf7 {[%emt 0:01:58]} Nf4 {[%emt 0:00:20]} 47. Re7+ {[%emt 0:01:39]} Kd6 {[%emt 0:01:08]} 48. Nf5+ {[%emt 0:00:09]} Kc6 {[%emt 0:00:40]} 49. Rf7 {[%emt 0:01:47]} Nd5 {[%emt 0:00:17]} 50. Ne3 {[%emt 0:01:13]} 1/2-1/2

[Event "UKR-ch Semifinal 2018"]
[Site "Omelnyk"]
[Date "2018.11.02"]
[Round "8"]
[White "Yurovskykh, Oleksandr"]
[Black "Sivuk, Vitaly"]
[Result "0-1"]
[WhiteElo "2306"]
[BlackElo "2551"]
[Annotator "TA"]
[PlyCount "100"]
[EventDate "2018.11.26"]
[EventType "tourn"]
[EventCountry "UKR"]
[SourceTitle "playchess.com"]
[Source "ChessBase"]
[SourceQuality "1"]

{[%evp 21,100,10,23,21,47,52,55,58,56,49,72,81,81,79,97,49,66,36,35,36,28,30,62,55,61,0,0,2,10,0,0,0,0,-84,-89,-106,-29,-94,-93,-93,-97,-127,-126,-135,-128,-167,-157,-206,-197,-199,-188,-229,-229,-250,-248,-229,-247,-243,-236,-345,-347,-537,-526,-485,-488,-554,-154,-589,-573,-854,-827,-822,-777,-968,-962,-918,-896,-891,-883,-768,-654]} 1. c4 c5 2. g3 Nc6 3. Bg2 g6 4. Nc3 Bg7 5. e3 Nh6 6. Nge2 Nf5 7. O-O O-O 8. a3 {A36: Symmetrical English vs ...g6: 4 Bg2 Bg7} (8. b3 a6 9. Bb2 b5 10. d3 Bb7 11. Qb1 bxc4 12. dxc4 d6 13. Rd1 Rb8 14. Nd5 e6 15. Bxg7 Nxg7 {1-0 (62) Zhao,J (2574)-Zhou,W (2610) Mashhad 2011}) 8... Rb8 9. Rb1 b6 10. b4 Bb7 11. d3 d6 {LiveBook: 5 Games} 12. b5 Ne5 13. e4 Nd4 14. Nxd4 cxd4 15. Nd5 $146 ({Predecessor:} 15. Ne2) 15... e6 16. Nb4 Nd7 17. f4 ({But not} 17. Nc6 Bxc6 18. bxc6 Nc5 $15) 17... Rc8 18. Qe2 Re8 19. Bd2 Nc5 20. e5 Bxg2 21. Kxg2 dxe5 22. fxe5 Nd7 23. Nc6 (23. Bf4 $1 $14) 23... Rxc6 $1 $11 24. bxc6 Nxe5 25. Bh6 {Black must now prevent Bxg7.} Qd6 26. Bxg7 Kxg7 27. Qf2 (27. Rb5 $11 Nxc6 28. g4) 27... f5 $17 28. Qf4 Rd8 ({Don't play} 28... Qxc6+ $6 29. Kg1 $11) (28... Qc5 $1 $17 29. c7 Rc8) 29. Rb3 (29. c7 $1 $11 {remains equal.} Qxc7 30. Kg1) 29... Qxc6+ 30. Kg1 Ng4 31. Qf3 Qxf3 32. Rxf3 {[%mdl 4096] Endgame KRR-KRN} Ne5 33. Rf1 {[#]} Nd7 $1 34. Rd1 Nc5 35. Rb5 Rd7 36. Kf2 Kf6 37. Rb4 Rd6 38. Ke2 e5 39. Rf1 h5 40. Rfb1 (40. Kd2 $142) 40... e4 $19 41. dxe4 (41. Rd1 $142 exd3+ 42. Kf1) 41... fxe4 {[%cal Bf5e4,Be4e3][%mdl 32]} 42. Rf1+ Ke5 43. Rbb1 Na4 $2 (43... d3+ $19 {and Black stays clearly on top.} 44. Ke3 d2) 44. Kd2 $2 (44. Rb5+ $17 Nc5 45. Rb2) 44... e3+ {Black is clearly winning.} 45. Kd3 Nc5+ 46. Ke2 g5 47. Rf8 Ke4 48. Re8+ {[#]} Re6 $1 {[%cal Re6e8]} 49. Rd8 d3+ 50. Ke1 Rf6 {Precision: White = 35%, Black = 69%.} 0-1